Localización, cuantificación y análisis de los asentamientos de tugurios en Costa Rica /

Bewaard in:
Bibliografische gegevens
Hoofdauteur: Castro Chacón, Víctor
Andere auteurs: Carcache Ch, Percibal
Formaat: Texto
Gepubliceerd in: San José: Instituto Mixto de Ayuda Social
Tags: Voeg label toe
Geen labels, Wees de eerste die dit record labelt!

MARC

LEADER 00000 a a2200000 04500
001 14406
003
040
090 |a 022700  
100 |a Castro Chacón, Víctor  
245 |a Localización, cuantificación y análisis de los asentamientos de tugurios en Costa Rica /  |c Víctor Castro Chacón 
260 |a San José:   |b Instituto Mixto de Ayuda Social  
300 |a 26 p.  
700 |a Carcache Ch, Percibal  
999 |c 11110  |d 11110